|
|
|
|
| LEADER |
01019cam a2200277 7i4500 |
| 001 |
0000036547 |
| 005 |
20210218090000.0 |
| 007 |
##ta |
| 008 |
210218s2019 si ob 000 0 eng d |
| 020 |
# |
# |
|a 9789813295742
|
| 040 |
# |
# |
|a MATR
|
| 090 |
0 |
0 |
|a I 338.3727
|b MAT
|
| 100 |
1 |
# |
|a Mathew, Saleena
|e author
|
| 245 |
1 |
0 |
|a Fish and Fishery Products Analysis :
|b A Theoretical and Practical Perspective
|c Saleena Mathew, Maya Raman, Manjusha Kalarikkathara Parameswaran, Dhanya Pulikkottil Rajan.
|
| 264 |
# |
1 |
|a Singapore:
|b Springer,
|c 2019.
|
| 300 |
# |
# |
|a xvii, 443 pages:
|b illustrations;
|c 30 cm.
|
| 336 |
# |
# |
|a text
|2 rdacontent
|
| 337 |
# |
# |
|a unmediated
|2 rdamedia
|
| 338 |
# |
# |
|a volume
|2 rdacarrier
|
| 650 |
# |
0 |
|a Fishery products --
|x Quality control
|
| 650 |
# |
0 |
|a Fisheries --
|x Quality control
|
| 650 |
# |
0 |
|a Fishery management
|
| 700 |
1 |
# |
|a Raman, Maya
|
| 700 |
1 |
# |
|a Kalarikkathara Parameswaran, Manjusha
|
| 700 |
1 |
# |
|a Rajan, Dhanya Pulikkottil
|
| 999 |
|
|
|a 0000041174
|b Book
|c International
|e Business Information Centre
|